Crossed / (Record no. 3014)

MARC details
000 -LEADER
fixed length control field 00781nam a22002297a 4500
001 - CONTROL NUMBER
control field 3014
003 - CONTROL NUMBER IDENTIFIER
control field FISKH
005 - DATE AND TIME OF LATEST TRANSACTION
control field 20240130152305.0
008 - FIXED-LENGTH DATA ELEMENTS--GENERAL INFORMATION
fixed length control field 240130b cb ||||| |||| 00| 0 eng d
020 ## - INTERNATIONAL STANDARD BOOK NUMBER
International Standard Book Number 9780545537346
040 ## - CATALOGING SOURCE
Original cataloging agency FISKH
Language of cataloging eng
Transcribing agency FISKH
Modifying agency FISKH
050 ## - LIBRARY OF CONGRESS CALL NUMBER
Classification number PZ7.C7586
082 ## - DEWEY DECIMAL CLASSIFICATION NUMBER
Classification number 813.6
100 ## - MAIN ENTRY--PERSONAL NAME
Personal name Condie, Ally
245 ## - TITLE STATEMENT
Title Crossed /
Statement of responsibility, etc. Ally Condie
250 ## - EDITION STATEMENT
Edition statement First Scholastic printing, March 2013
260 ## - PUBLICATION, DISTRIBUTION, ETC.
Place of publication, distribution, etc. New York :
Name of publisher, distributor, etc. Scholastic,
Date of publication, distribution, etc. 2011
300 ## - PHYSICAL DESCRIPTION
Extent 367, 16 pages :
Dimensions 20 cm
520 ## - SUMMARY, ETC.
Summary, etc. Seventeen-year-old Cassia sacrifices everything and heads to the Outer Provinces in search of Ky, where she is confronted with shocking revelations about Society and the promise of rebellion.
650 ## - SUBJECT ADDED ENTRY--TOPICAL TERM
Topical term or geographic name entry element Dystopia
Form subdivision Fantasy Fiction
942 ## - ADDED ENTRY ELEMENTS (KOHA)
Source of classification or shelving scheme Dewey Decimal Classification
Koha item type Books
Suppress in OPAC No
Holdings
Withdrawn status Lost status Source of classification or shelving scheme Damaged status Not for loan Collection Home library Current library Shelving location Date acquired Total Checkouts Full call number Barcode Date last seen Price effective from Koha item type
    Dewey Decimal Classification     Fiction Footprints International School Library Network Toul Kork Campus Footprints International School Library Network Toul Kork Campus   01/30/2024   CON Fic PZ7.C7586 2024-0063 01/30/2024 01/30/2024 Books